| 000 | 00571nam a22001817a 4500 | ||
|---|---|---|---|
| 003 | OSt | ||
| 005 | 20220112072808.0 | ||
| 008 | 160422b xxu||||| |||| 00| 0 eng d | ||
| 040 |
_aMMU _beng _cMMU _dMMU |
||
| 050 | _aG155 .T68 1988 | ||
| 110 | _aTravel and Tourism Resarch Association | ||
| 245 |
_aTourism research: _bexpanding boundaries / _cTravel and Tourism Resarch Association. |
||
| 260 |
_aCanada : _bTravel and Tourism Resarch Association, _c1988. |
||
| 300 | _a321 p. : | ||
| 500 | _aincludes index | ||
| 650 | _aTourism and travel | ||
| 942 |
_2lcc _cLOAN LOAN |
||
| 999 |
_c17067 _d17067 |
||